000
00208nam a22000857a 4500
008
160912b xxu||||| |||| 00| 0 eng d
100
_9
356
_a
NCERT
245
_a
Teaching of English
260
_a
New Delhi
_b
NCERT
_c
2006
999
_c
3015
_d
3015